RF in RFID: passive UHF RFID in practice (Record no. 203780)

MARC details
000 -LEADER
fixed length control field 00481nam a2200181Ia 4500
008 - FIXED-LENGTH DATA ELEMENTS--GENERAL INFORMATION
fixed length control field 231221s9999 xx 000 0 und d
020 ## - INTERNATIONAL STANDARD BOOK NUMBER
International Standard Book Number 9780000000000
041 ## - LANGUAGE CODE
Language code of text/sound track or separate title English
082 ## - DEWEY DECIMAL CLASSIFICATION NUMBER
Classification number 621.384 DOB;
100 ## - MAIN ENTRY--PERSONAL NAME
Personal name Dobkin, Daniel M
245 #0 - TITLE STATEMENT
Title RF in RFID: passive UHF RFID in practice
260 ## - PUBLICATION, DISTRIBUTION, ETC.
Date of publication, distribution, etc. 2007
Name of publisher, distributor, etc. Elsevier
Place of publication, distribution, etc. Oxford
300 ## - PHYSICAL DESCRIPTION
Extent ix+493
300 ## - PHYSICAL DESCRIPTION
Dimensions 47662
440 ## - SERIES STATEMENT/ADDED ENTRY--TITLE
Title Communications engineering series
650 ## - SUBJECT ADDED ENTRY--TOPICAL TERM
Topical term or geographic name entry element RF,RFID:,passive,UHF,RFID
942 ## - ADDED ENTRY ELEMENTS (KOHA)
Koha item type Compact Disks
Holdings
Date last seen Total checkouts Full call number Accession number Price effective from Category Lost status Damaged status Department Withdrawn status Home library Current library Shelving location Entry date Vendor Grants Billnumber Billdate Currency symbol Conversion rate Discount Old discount
26/01/2024   621.384 DOB; CD3318 26/01/2024 Compact Disks     TC   Central Library Central Library TC   Sri Hari pub. TC 364 18/12/2009 USD 41.8   25

© For any Suggestions or Query, please contact the library staff @ librarian@pes.edu or Phone: +9180 2672 1983/ 2108.